Games Indian Play We Are The Way We Are (Record no. 317398)

MARC details
000 -LEADER
fixed length control field 00390nam a2200145Ia 4500
008 - FIXED-LENGTH DATA ELEMENTS--GENERAL INFORMATION
fixed length control field 230718s9999 xx 000 0 und d
041 ## - LANGUAGE CODE
Language code of text/sound track or separate title eng
082 ## - DEWEY DECIMAL CLASSIFICATION NUMBER
Classification number 658.40353
Item number RAG
100 ## - MAIN ENTRY--PERSONAL NAME
Personal name Raghunathan V.
9 (RLIN) 109775
245 ## - TITLE STATEMENT
Title Games Indian Play We Are The Way We Are
260 ## - PUBLICATION, DISTRIBUTION, ETC. (IMPRINT)
Name of publisher, distributor, etc. Pengain
365 ## - TRADE PRICE
Currency code Rs.
Price amount 325.00
700 ## - ADDED ENTRY--PERSONAL NAME
Personal name Raghunathan V.
9 (RLIN) 109775
906 ## - LOCAL DATA ELEMENT F, LDF (RLIN)
d B:126703-Aug-2007
c OTH
b 65
Holdings
Withdrawn status Lost status Damaged status Not for loan Home library Current library Date acquired Vendor Budget Code Cost, normal purchase price Bill number Total Checkouts Full call number Barcode Date last seen Discount Cost, replacement price Bill Date Koha item type Original Barcode
        Cummins College of Engineering for Women Pune Cummins College of Engineering for Women Pune 10/09/2007 Tbs OTH 260.00 1267   658.40353 CCEP-BK-28605 18/07/2023 65 325.00 03/08/2007 Books 028605